| 000 | 00764nam a22002297a 4500 | ||
|---|---|---|---|
| 999 |
_c200428385 _d46309 |
||
| 003 | TR-AnTOB | ||
| 005 | 20190322123648.0 | ||
| 008 | 180109b xxu||||| |||| 00| 0 tur d | ||
| 040 |
_aTR-AnTOB _beng _cTR-AnTOB _erda |
||
| 041 | 0 | _aeng | |
| 050 |
_aTA418.9 _b.I57 2015 |
||
| 090 |
_aTA418.9 _b.I57 2015 |
||
| 111 |
_9118600 _aInternational symposium on micro and nano technology _n(5th : _dMay 18-20 2015 : _cCanada) |
||
| 245 |
_a5 th International symposium on micro and nano technology / _cA.A Mohammad,H.C Lee. |
||
| 264 |
_aCanada; _bUniversty of Canada _c2015 |
||
| 300 |
_a86 page; _c13 cm |
||
| 336 |
_2 rdacontent _atext _btxt |
||
| 337 |
_2rdamedia _aunmediated _bn |
||
| 338 |
_2 rdacarrier _avolume _bnc |
||
| 942 |
_2lcc _cBK |
||